Giáo án tổ chức hoạt động khám phá khoa học về môi trường xung quanh: Lớp mẫu giáo 4 - 5 tuổi Theo chương trình Giáo dục mầm non

Hướng dẫn giáo viên mầm non soạn giáo án giảng dạy môn học tổ chức hoạt động khám phá khoa học về môi trường xung quanh cho học sinh lớp mẫu giáo 4 - 5 tuổi theo từng chủ đề cụ thể: Trường mầm non, chủ đề bản thân, gia đình, nghề nghiệp,...

Disgrifiad llawn

Wedi'i Gadw mewn:
Manylion Llyfryddiaeth
Prif Awdur: Nguyễn, Kim Dung
Awduron Eraill: Trần, Phương Hà
Fformat: Llyfr
Iaith:Undetermined
Cyhoeddwyd: H. Giáo dục Việt Nam 2016
Pynciau:
Mynediad Ar-lein:http://lrc.tdmu.edu.vn/opac/search/detail.asp?aID=2&ID=27664
Tagiau: Ychwanegu Tag
Dim Tagiau, Byddwch y cyntaf i dagio'r cofnod hwn!
Thư viện lưu trữ: Trung tâm Học liệu Trường Đại học Thủ Dầu Một
LEADER 01413nam a2200229Ia 4500
001 TDMU_27664
008 210410s9999 xx 000 0 und d
082 |a 335.43 
090 |b NG527 
100 |a Nguyễn, Kim Dung 
245 0 |a Giáo án tổ chức hoạt động khám phá khoa học về môi trường xung quanh: Lớp mẫu giáo 4 - 5 tuổi 
245 0 |b Theo chương trình Giáo dục mầm non 
245 0 |c Nguyễn Kim Dung, Trần Phương Hà, Đào Hoàng Mai và [nh.ng. khác] 
260 |a H. 
260 |b Giáo dục Việt Nam 
260 |c 2016 
300 |a 27cm. 
520 |a Hướng dẫn giáo viên mầm non soạn giáo án giảng dạy môn học tổ chức hoạt động khám phá khoa học về môi trường xung quanh cho học sinh lớp mẫu giáo 4 - 5 tuổi theo từng chủ đề cụ thể: Trường mầm non, chủ đề bản thân, gia đình, nghề nghiệp, thế giới động vật, thực vật, giao thông... 
650 |a Giáo dục Mầm non  |x Khoa học môi trường; Giáo dục mẫu giáo  |x Khoa học môi trường 
700 |a Trần, Phương Hà 
856 |u http://lrc.tdmu.edu.vn/opac/search/detail.asp?aID=2&ID=27664 
980 |a Trung tâm Học liệu Trường Đại học Thủ Dầu Một